Normal view MARC view

Entry Personal Name

Number of records used in: 1

001 - CONTROL NUMBER

  • control field: 234

003 - CONTROL NUMBER IDENTIFIER

  • control field: csc

005 - DATE AND TIME OF LATEST TRANSACTION

  • control field: 20140507162049.0

008 - FIXED-LENGTH DATA ELEMENTS

  • fixed length control field: 110204|||a|||||| | ||| d

040 ## - CATALOGING SOURCE

  • Original cataloging agency: csc
  • Transcribing agency: csc

100 ## - HEADING--PERSONAL NAME

  • Personal name: Cohn, Ruby.

670 ## - SOURCE DATA FOUND

  • Source citation: Work cat.: (csc)23: Beckett, Samuel, 1906-1989. 390, Disjecta :, 1983.